7 vs wild - Statistiken

Allgemein
  • Dieses Quiz wurde 98 mal gespielt
  • Das Durchschnittsergebnis liegt bei 13 aus 17
Antwortstatistiken
Hint Antwort % Korrekt
Staffel mit der längsten Folge (Zahl) 2
99%
Jahr der ersten Staffel 2021
97%
Land 3.Staffel Kanada
97%
Land 1. Staffel Schweden
96%
Erfinder ( YouTuber) Fritz Meinecke
93%
Land 4.Staffel Neuseeland
92%
Gewinner Teams Staffel 3 3
90%
Anzahl der Eliminierten bisTag 8 der 4.Staffel 3
90%
Platzierung Knossi 2.Staffel 4
89%
Anzahl Episoden 1. Staffel 16
87%
Land 2.Staffel Panama
87%
Preisgeld 1. Staffel 10000
66%
Zwei Teilnehmer der dritten Staffel nahmen durch die __ teil Wildcard
66%
Gewinner Staffel 2 Otto
65%
Teilnehmer 1.Staffel mitnur 2 Gegenständen Fabio Schäfer
35%
1. Staffel Letzter Platz Niklas
35%
Insel 2. Staffel Isla de San José
4%
Keine übereinstimmenden Quizze gefunden
Verteilung der Resultate
Anzahl Personen mit jedem Resultat
Perzentil nach korrekt beantworteten Fragen
Ihre Resultats-Entwicklung
Sie haben dieses Quiz noch nicht gespielt